| 000 | 01410nab a2200229 i 4500 | ||
|---|---|---|---|
| 001 | 768714001 | ||
| 003 | CO-MdFUSB | ||
| 005 | 20240617082939.0 | ||
| 008 | 240617t1984 us ||||| |||| 00| 0 eng d | ||
| 040 |
_bspa _cCO-MdFUSB _dCO-MdFUSB |
||
| 041 | _aeng | ||
| 100 |
_aSanneh, Lamin O., _eautor |
||
| 245 | 1 |
_aChristian mission in the pluralist milieu : _bthe african experience _c/ Lamin O. Sanneh |
|
| 520 | _aLa obra misionera cristiana en un ambiente plural: la experiencia africana. Una de las fronteras más especiales del encuentro intercultural se abrió en el siglo XIX con la obra misionera en África. Los cimientos se sentaron en el siglo XVIII, pero no fue hasta el siglo XIX que se produjo una expansión significativa que llevó la misión al núcleo de la herencia pluralista de África. Las primeras décadas del siglo XX se basaron en este momento, con la diferencia de que los movimientos cristianos autóctonos y el escenario con poder explosivo fueron consecuencia tardía del logro de la programación vulgar. | ||
| 546 | _aTexto en inglés. | ||
| 650 | 7 |
_aIglesia _9655 |
|
| 650 | 7 |
_aMisiones _zÁfrica _91120 |
|
| 650 | 7 |
_aReligión _9385 |
|
| 773 | 0 |
_070215 _982768 _dPensilvania, Estados Unidos _oR2643 _tMissiology _w(CO-MdFUSB)768714001 _gVolumen 12, (número 4, 1984 ) páginas: 421 - 434 _qpágina: 421 |
|
| 942 | _cANA | ||
| 945 | _aCatherine Arias Álvarez - Practicante SENA | ||
| 999 |
_c70217 _d70217 |
||